História do Direito Português. Fontes de Direito.
Furkejuvvon:
| Váldodahkki: | |
|---|---|
| Materiálatiipa: | Girji |
| Giella: | espánnjágiella |
| Almmustuhtton: |
Lisboa, Portugal:
Fundação Calouste Gulbenkian,
1991.
|
| Preanttus: | 2a edição. |
| Fáttát: | |
| Fáddágilkorat: |
Lasit fáddágilkoriid
Eai fáddágilkorat, Lasit vuosttaš fáddágilkora!
|
MARC
| LEADER | 00000nam a2200000 a 4500 | ||
|---|---|---|---|
| 001 | UCV2677 | ||
| 003 | CL-VaPUC | ||
| 005 | 20220822114320.0 | ||
| 008 | 921015e19910000po |||||||||||||||||spa|d | ||
| 999 | |c 210183 |d 210181 | ||
| 040 | |c Pontificia Universidad Católica de Valparaíso | ||
| 082 | 0 | 4 | |a 340.0946 ESP 1991 |2 21 |
| 100 | 0 | |a Espinosa Gomes Da Silva, Nuno J |e author |9 296945 | |
| 245 | 1 | 0 | |a História do Direito Português. |b Fontes de Direito. |
| 250 | |a 2a edição. | ||
| 260 | |a Lisboa, Portugal: |b Fundação Calouste Gulbenkian, |c 1991. | ||
| 300 | |a 425 páginas. | ||
| 500 | |a c.2 Donación Familia Prof. Alejandro Guzmán Brito. | ||
| 583 | |a last modification |c 20180827 03:10:43 |k Rodrigo Vera | ||
| 650 | 7 | |a DERECHO |2 CL-VaPUC |9 296946 | |
| 650 | 0 | |a Historia y crítica |9 257407 | |
| 651 | 7 | |a PORTUGAL |2 CL-VaPUC |9 255007 | |
| 942 | |c BK |2 ddc |n 0 | ||
| 945 | |d 19921015 00:00:00 | ||
| 952 | |0 0 |1 0 |4 0 |6 340_094600000000000_ESP_1991 |7 0 |8 DER_HIS |9 186245 |a BIBDER |b BIBDER |d 2019-11-14 |i 2537184 |o 340.0946 ESP 1991 |p 2537184 |r 2023-01-25 |w 2019-11-14 |x Ubicación 4to Piso |y BK |z Estos recursos deben solicitarse con anticipación |k DER | ||
| 952 | |0 0 |1 0 |2 ddc |4 0 |6 340_094600000000000_ESP_1991 |7 1 |8 C_AGB |9 580607 |a BIBDER |b BIBDER |d 2022-01-18 |e Donación |i 5639646 |o 340.0946 ESP 1991 |p 5639646 |r 2023-01-25 |t 2 |w 2022-01-18 |y BK_US |k AGB | ||